| 000 | 00839nam a22002297a 4500 | ||
|---|---|---|---|
| 003 | OSt | ||
| 005 | 20250805025140.0 | ||
| 008 | 250805b |||||||| |||| 00| 0 eng d | ||
| 020 | _a978-621-427-174-0 | ||
| 040 |
_aDWC-Main Lib _cOC |
||
| 082 | _aFil. 657.95 A775f 2024 | ||
| 100 | _aArriola, Reggie M. | ||
| 245 |
_aFundamentals of accounting volume II ( partnership and corporation)/ _cReggie M. Arriola & Prackie Jay T. Acaylar |
||
| 260 |
_aManila, Philippines : _bUnlimited Books Library Services & Publishing, _cc2024. |
||
| 300 |
_avolume 2, x, 237 pages : _billustrations ; _c27cm. |
||
| 504 | _aIncludes bibliographic references. | ||
| 650 | _a1. Accounting. | ||
| 650 | _a2. Corporation -- accounting. | ||
| 650 | _a3. Partnership -- acccounting. | ||
| 700 | _aAcaylar, Prackie Jay T. | ||
| 942 |
_2ddc _cBK - FIL _kFil. _n0 |
||
| 999 |
_c3941 _d3941 |
||